00699nam a2200229 4500003000900000005001700009008004100026020001500067040002300082041000800105050001500113100004200128245009600170264004000266300001700306336002200323337002400345338002400369650001300393650003000406700003300436MX-MxINE20260601171015.0260506b1974\\\\sp\|||||\||||\00|\0\spa\d a8470531077 aICIbspacICIerda aspa aB840bM662 aMorris, Charles Williamd1901,eautor 1aLa significacion y lo significativo .bEstudio de las relaciones entre el signo y el valor. 1aMadrid :bAlberto Corazón, c1974 a46 páginas 2rdacontentatexto 2rdamediaasin medio 2rdacarrieravolumen 4aPalabras 4aSemántica (Filosofía) aCid Jesus Antonioetraductor